Mental Health Nursing (GNM Nursing Student) (Record no. 1216352)

MARC details
000 -LEADER
fixed length control field 00396nam a2200145Ia 4500
008 - FIXED-LENGTH DATA ELEMENTS--GENERAL INFORMATION
fixed length control field 260223s2024 xx 000 0 und d
020 ## - INTERNATIONAL STANDARD BOOK NUMBER
International Standard Book Number 9789390619726
041 ## - LANGUAGE CODE
Language code of text/sound track or separate title eng
082 ## - DEWEY DECIMAL CLASSIFICATION NUMBER
Classification number 610.73072/ELE
100 ## - MAIN ENTRY--PERSONAL NAME
Personal name Kumari Eleena
245 ## - TITLE STATEMENT
Title Mental Health Nursing (GNM Nursing Student)
Remainder of title Psychiatric
260 ## - PUBLICATION, DISTRIBUTION, ETC.
Place of publication, distribution, etc. New Delhi
Name of publisher, distributor, etc. CBS,Pub.
Date of publication, distribution, etc. 2024
300 ## - PHYSICAL DESCRIPTION
Extent 437P
650 ## - SUBJECT ADDED ENTRY--TOPICAL TERM
Topical term or geographic name entry element Mental Health Nursing
Holdings
Withdrawn status Lost status Damaged status Not for loan Home library Current library Date acquired Cost, normal purchase price Total Checkouts Full call number Barcode Date last seen Date last checked out Price effective from Koha item type
        College of Nursing, Navi Mumbai College of Nursing, Navi Mumbai 22/01/2026 495.00 2 610.73072/ELE NCM-N-4439 27/04/2026 18/04/2026 23/02/2026 Book